000 00926nam a2200277 a 4500
001 000014086
003 DO-SdBNP
005 20260321073639.0
007 ta
008 091204e2009 dr a gr 001 edspa d
020 _a9789945406948
040 _aDO-SdBNP
_bspa
_cBNPHU
082 4 _a320.97293
_bJ61c
_222
100 1 _aJiménez, Felucho
_923276
245 1 0 _aCómo fue el gobierno de Juan Bosch. /
_cFelucho Jiménez.
250 _aEd. resumida
260 _aSanto Domingo :
_bAlfa y Omega,
_c2009.
300 _a153 p. :
_bilustraciones ;
_c21 cm.
500 _aIncluye datos biográficos del autor en la contracubierta
590 _aInventariado, 2018/ YL
600 1 0 _a Bosch, Juan,
_d1909-2001
_976555
651 4 _aRepública Dominicana
_xPolítica y gobierno
_y1961-
_9204
651 0 _aRepública Dominicana --
_xHistoria --
_y1961-
_96572
910 _aValidado. Control de calidad MMOLINA
942 _2ddc
_cLBS1
999 _c13688
_d13688